00479nam a22001577a 450000500170000000800410001702000180005808200190007610000190009524500650011426000220017930000330020150000190023465000470025370000210030020240422130248.0240422b |||||||| |||| 00| 0 eng d a9780763716677 a005.133bAND-J aJulie Anderson aJava 5 illuminated :bAn active learning /cHarve Franceschi aUSA:bill;c2005. axvi, 4471 p. :bill;c24 cm. ainclude index. acomputer science/java programming language aHarve Franceschi